Sūsyūlūziyā al-taʻlīm al-jāmiʻī : dirāsah fī ʻilm al- ijtimāʻ al-tarbawī /

Saved in:
Bibliographic Details
Main Author: ʻAbd al-Raḥmān, ʻAbd Allāh Muḥammad.
Format: Book
Language:Arabic
Published: al-Azārīṭah, al-Iskandarīyah : Dār al-Maʻrifah al- Jāmiʻīyah, 1991.
Subjects:
Tags: Add Tag
No Tags, Be the first to tag this record!
LEADER 00872nam a22002415a 4500
001 005802919-2
005 20020606163548.3
008 920528s1991 ua b 00010 ara
010 |a  91960135 /NE 
020 |c £E10.00 
035 1 |a DCLN92B1654 
040 |a DLC-R  |c DLC-R 
050 0 0 |a LB2322  |b .A22 1990 <Orien Arab> 
100 2 |a ʻAbd al-Raḥmān, ʻAbd Allāh Muḥammad. 
245 1 0 |a Sūsyūlūziyā al-taʻlīm al-jāmiʻī :  |b dirāsah fī ʻilm al- ijtimāʻ al-tarbawī /  |c ʻAbd Allāh Muḥammad ʻAbd al-Raḥmān. 
260 |a al-Azārīṭah, al-Iskandarīyah :  |b Dār al-Maʻrifah al- Jāmiʻīyah,  |c 1991. 
300 |a 284 p. ;  |c 24 cm. 
504 |a Includes bibliographical references. 
650 0 |a Education, Higher  |x Aims and objectives. 
650 0 |a Universities and colleges. 
650 0 |a Educational sociology. 
988 |a 20020608 
906 |0 RLIN